Представление документа в формате MARC21

Поле Инд. ПП Название Значение
Тип записи a
Библиографический уровень b
001 Контрольный номер UNIDUBNA6114bcda598444459a0a46667bef7b15
005 Дата корректировки 20260528223257.2
084 a Индекс другой классификации/Индекс ББК 63.3(2)611-3; 63.3(2)611-6
100 1_ a Автор Соловьев В. Н.
q Полное имя Соловьев Владимир Николаевич
245 10 a Заглавие Охота на венценосца
c Ответственность бес. Л. Анненского
500 a Примечание Окончание. Начало см. в № 1, 2005
600 14 a Персоналии Соколов Николай Алексеевич
650 04 a Основная рубрика внешняя политика
a Основная рубрика внутренняя политика
a Основная рубрика история
653 0_ a Ключевые слова XX век
a Ключевые слова Россия
a Ключевые слова царская семья
700 12 a Автор Анненский Л.
e Роль лиц интервьюер
q Полное имя Анненский Лев
773 18 t Заглавие источника Родина
d Дата издания источника 2005
g Прочая информация № 2. - С. 24-33 : фот.
w Контрольный № источника RU/IS/BASE/163349940
901 t Тип документа b